[Event "WLS Ch Seniors"]
[Site "?"]
[Date "2022.09.04"]
[Round "4.3"]
[White "Saunders, Walter"]
[Black "Van Kemenade, R."]
[Result "0-1"]
[WhiteElo "1982"]
[BlackElo "1922"]
[Annotator "kemen"]
[PlyCount "80"]
[EventDate "2022.09.04"]
[SourceVersionDate "2022.09.05"]

{[%evp 0,80,20,20,85,71,87,71,70,46,73,38,51,25,22,19,32,17,32,37,40,29,41,33,
39,31,34,36,149,90,90,92,82,75,55,-24,-13,-3,-1,-3,36,-5,42,-192,-39,-190,-157,
-181,-177,-164,-112,-129,-144,-168,-168,-199,-159,-211,-207,-230,-232,-226,
-228,-231,-238,-236,-244,-245,-241,-238,-236,-232,-224,-257,-249,-257,-250,
-243,-268,-299,-314,-312,-314]} 1. Nf3 d6 2. d4 f5 3. b3 (3. c4 Nf6 4. Nc3 g6
5. Qc2 Bg7 6. e3 Nc6 7. a3 e5 8. d5 Ne7 9. b4 a5 {Saunders-Van Kemenade,WLS ch
2017,0-1}) 3... Nf6 4. Bb2 g6 5. e3 (5. g3 {main}) 5... Bg7 6. Be2 O-O 7. O-O
Nc6 (7... c6) (7... Qe8) 8. c4 e5 9. d5 {gives Bl a superior King's Indian  
(extra tempos) plus Wh has little in the way of a Q side attack.} (9. dxe5 Ng4
{0-2} (9... Ne4 {Cloud Engines} 10. Nc3 Nxe5 11. Nxe5 Bxe5 12. Qc2 {Punzon
Morales-Gonzalez Alcon, ESP cup final email , 2005 1/2-1/2}) 10. Nc3 $16 {
KomodoDragon3,} (10. Qc2 dxe5 11. h3 Nh6 12. Rd1 Qe8 {Seslavin-Van Kemenade,
Arena 2017,1/2-1/2})) 9... Ne7 10. Nc3 {transposes, score 3-2-6} h6 11. Qc2 g5
$11 {KomodoDragon3, but score 1 draw,3 Bl wins} 12. Rfd1 $146 f4 $5 (12... g4
13. Nh4 (13. Nd2 Ng6 14. c5) 13... Nh7 14. f4 Bf6 15. g3 Bxh4 16. gxh4 Ng6 $15
{KomodoDragon3}) (12... Ng6 {might leave the N loose, idea of text is to get a
N to f5}) 13. exf4 exf4 (13... Bf5 14. Bd3 Bxd3 15. Rxd3 gxf4 16. Re1 Qe8 $11 {
KomodoDragon3}) (13... gxf4 14. Bd3 Qe8 15. Re1 Bd7 16. c5 $16) 14. Nd4 Ng4 15.
Ne4 {the N is needed for d5} (15. Ne6 $1 {KomodoDragon3} Bxe6 16. dxe6 Ne5 17.
Rac1 f3 (17... Rf6 18. Qe4 Rxe6 19. Bg4 Rf6 20. Nd5 Rf8 21. c5 Nxd5 22. Qxd5+
Kh8 23. cxd6 cxd6 24. Bxe5 Bxe5 25. Qxb7 $18 {KomodoDragon3}) 18. Bxf3 Nxf3+
19. gxf3 Rxf3 20. Nd5 Bxb2 21. Qxb2 Qf8 (21... Nxd5 22. cxd5 $18) 22. Qe2 Rf5
23. Nxc7 Re5 24. Qg4 Rc8 25. Nd5 $18 {KomodoDragon3}) 15... Ne5 16. Rd2 (16. c5
Nf5 $14) 16... Nf5 $11 17. Ne6 Bxe6 18. dxe6 Qe7 (18... f3 19. Bf1 (19. gxf3
Nh4 $15) 19... fxg2 20. Bxg2 Nh4 21. Bxe5 Bxe5 22. Re1 Qe8 23. c5 Nxg2 24. Kxg2
Qxe6 25. cxd6 cxd6 26. Nxd6 Qg4+ 27. Kh1 Qf3+ 28. Kg1 Qg4+ $11 {KomodoDragon3})
19. c5 (19. Bxe5 Bxe5 20. Rad1 b6 21. b4 Rad8 22. c5 d5 23. Nc3 c6 24. Bg4 Qxe6
25. b5 $14 {KomodoDragon3}) 19... Qxe6 (19... f3 $1 20. gxf3 Nh4 21. cxd6
Nhxf3+ 22. Kh1 Qxe6 23. Bxe5 Nxd2 24. Bxg7 Kxg7 25. Ng3 Qd5+ 26. Kg1 Rae8 27.
Bh5 cxd6 28. Qg6+ Kh8 29. Qxh6+ Kg8 30. Qg6+ $11 {KomodoDragon3}) 20. cxd6 (20.
Re1 Qg6 21. cxd6 Nxd6 22. Bxe5 Bxe5 23. Nc5 Qxc2 24. Rxc2 Bg7 25. Ne6 Rf7 26.
h4 $14 {KomodoDragon3}) 20... cxd6 (20... f3 $1) 21. Qc7 $2 (21. Bxe5 Qxe5 22.
Rad1 Rac8 23. Bc4+ Kh8 24. Rd5 Qe7 25. Rxf5 Rxf5 26. Nxd6 Rxc4 27. bxc4 Re5 28.
Qb1 b6 29. h3 $16 {KomodoDragon3, though Bl players might still hope for a K
side attack}) 21... Rf7 $19 22. Qa5 Nc6 (22... f3 $1 {still KomodoDragon3
preference} 23. Bf1 fxg2 24. Bxg2 Nh4 25. Bxe5 Bxe5 26. Rad1 Qg4 27. Ng3 Nxg2
28. Kxg2 Qf3+ 29. Kg1 Bc3 $19) 23. Qa4 Bxb2 24. Bc4 {Wh tries to win something
on the wh squares, but the idea is flawed} Qxc4 (24... Qe5 $1 {is even better
it seems} 25. Bxf7+ Kxf7 26. Qc4+ Kf8 27. Rd5 Qe6 28. Re1 Re8 29. Rdd1 Bd4 30.
Qe2 d5 31. Nc3 Ne5 32. Nb5 Bb6 33. Qb2 Nh4 {KomodoDragon3, with a winning K
side attack}) 25. Qxc4 Bxa1 $19 26. Nxd6 (26. h4 $5) 26... Nxd6 27. Rxd6 Kg7 {
2nd choice of KomodoDragon3} (27... Re8 28. Rg6+ (28. Re6 Rxe6 29. Qxe6 Bf6)
28... Bg7 29. Re6 Rd8 30. Kf1 Rd1+ 31. Re1 Rd4 32. Re8+ Bf8 33. Qe2 f3 34. gxf3
Rdf4 $19 {KomodoDragon3}) 28. Qe6 (28. Rxh6 Rd7 29. Rg6+ Kxg6 30. Qe6+ Bf6 31.
Qxd7 Rd8 32. Qg4 Ne5 33. Qe2 g4 $19 {KomodoDragon3- similar to the game,
though Wh has an extra pawn}) 28... Bf6 29. h4 Rd8 30. hxg5 hxg5 31. Rxd8 Nxd8
{the Q has run out of partners & can only hope for a perpetual} 32. Qd5 Nc6 33.
g3 fxg3 (33... Ne5 34. gxf4 gxf4 35. Qe4 f3 {KomodoDragon3}) 34. fxg3 g4 (34...
Re7 35. Kg2 Nd4 36. a4 Be5 37. g4 Bf6 {KomodoDragon3, but not a clearcut path
visible}) 35. Kg2 Ne5 36. Qa5 b6 37. Qb4 Rd7 38. a4 Bg5 39. a5 Rd2+ 40. Kf1 (
40. Kh1 Nf3) (40. Kg1 Be3+) 40... Rf2+ $1 {Wh resigned though there is no
immediate mate,just further torture} (40... Rf2+ 41. Kg1 Be3 42. Qc3 Rf3+ 43.
Kg2 Kf6 44. b4 (44. a6 Kf5 (44... Bf4) 45. Qc8+ Ke4 46. Qb7+ Kd3 47. Qh7+ (47.
Qxa7 Rf2+ 48. Kh1 Rf1+ 49. Kg2 Rg1+ 50. Kh2 Nf3#) 47... Kd2 48. Qb1 Rf2+ 49.
Kh1 Nf3 {and mate in 9 after the K finds its way back -doubt many humans would
choose this route}) 44... Bf4 45. Qa1 Rxg3+ 46. Kh1 Rh3+ 47. Kg1 Kg5 48. Qf1
Nf3+ 49. Kf2 Rh2+ {and the Q has to give herself up to delay the end}) 0-1

[Event "WLS Ch Seniors"]
[Site "?"]
[Date "2022.09.04"]
[Round "4.4"]
[White "Adams, Mark"]
[Black "Hughes, Anthony"]
[Result "1-0"]
[WhiteElo "1877"]
[BlackElo "1865"]
[Annotator "kemen"]
[PlyCount "37"]
[EventDate "2022.09.04"]
[SourceVersionDate "2022.09.05"]

{[%evp 0,7,21,21,61,61,61,61,116,43]} 1. e4 c6 2. d4 d5 3. e5 c5 4. dxc5 {main}
(4. Nf3 cxd4 {Van Kemenade-Hughes, rd2, 1-0}) 4... e6 5. Nf3 (5. Be3 {is an
older system}) 5... Bxc5 6. a3 {much in vogue} Nc6 7. b4 Be7 {Fernandez 2018
considers this an option well worth trying} (7... Bb6 {main}) 8. Bb2 (8. b5 Na5
9. Bd3 Bd7 10. O-O Qc7 11. Qe2 O-O-O {Dzierzak-Sanz Wawer, Krakow op 2018,1-0}
(11... Nc4 $1 {Fernandez})) 8... Nh6 9. c4 $146 (9. Bd3 f6 10. O-O Nf7 {
Fernandez- 'there will be no blockade on e5' 2-4-2}) 9... dxc4 (9... O-O $14 {
Cloud Engines}) 10. Qxd8+ Bxd8 11. Bxc4 Bc7 (11... O-O 12. Nbd2 b6 13. Rc1 Bb7
14. O-O $14 {KomodoDragon3}) 12. O-O O-O 13. Nbd2 b6 (13... a6 14. Bb3 Nf5 15.
Rfd1 Rd8 16. Rac1 h6 $14 {KomodoDragon3}) 14. Rac1 Rd8 (14... Ne7) 15. Bb5 $18
(15. Be2 $18) 15... Bxe5 16. Bxc6 (16. Nxe5 Nxe5 17. Bxe5 Bd7 (17... Rxd2 18.
Bc6 Bb7 19. Bxb7 Rf8 20. Rfd1 $18) 18. Be2 $18 {KomodoDragon3}) 16... Bxb2 17.
Rc2 Ba6 18. b5 (18. Bxa8 Bxf1 19. Rxb2) 18... Rac8 19. Rxb2 1-0

[Event "WLS Ch Seniors"]
[Site "?"]
[Date "2022.09.04"]
[Round "5.1"]
[White "Van Kemenade, R."]
[Black "Morris, Charles F"]
[Result "0-1"]
[WhiteElo "1922"]
[BlackElo "2085"]
[Annotator "kemen"]
[PlyCount "80"]
[EventDate "2022.09.04"]
[SourceVersionDate "2022.09.05"]

{[%evp 0,9,30,35,31,4,4,-13,-1,-1,3,-12]} 1. e4 e6 2. d3 d5 3. Qe2 Nf6 4. Nf3
Nc6 5. c3 (5. e5 Nd7 6. g3 f6 7. exf6 Qxf6 8. Bg2 {6-4-1}) 5... dxe4 6. dxe4 e5
7. Qc2 a5 8. Bb5 Bd6 9. Nbd2 (9. Bg5 {2 draws, 2 Bl wins}) (9. O-O O-O {1-2-1})
9... Bd7 (9... O-O {3 draws, 1 Bl win}) 10. Nc4 (10. O-O O-O 11. a4 {4-0})
10... O-O 11. Nxd6 (11. O-O Nb4 12. cxb4 Bxb5 13. bxa5 Bxc4 14. Qxc4 Rxa5 15.
Bg5 h6 16. Bh4 Qe7 {Holmsgaard-Berg, Pardubice Czech open 2002,0-1}) (11. a4 {
Cloud Engines} Re8 12. Bg5 Nb8 13. Rd1 Qe7 14. Ne3 c6 15. Bc4 h6 16. Nh4 hxg5
17. Nhf5 Bxf5 18. Nxf5 Qc7 19. Nxd6 {Girinath-Chua, Singapore Masters 2007,1-0}
) 11... cxd6 12. Bg5 $2 {missing the tactic} (12. a4 {pm analysis} d5 13. exd5
Nxd5 14. O-O $14) (12. O-O h6 (12... Nb4 13. Qe2 Bxb5 14. Qxb5 Na6 15. Bg5 $14)
13. a4 $11 {KomodoDragon3}) 12... Nb4 $19 13. cxb4 (13. Qe2 Bxb5 14. Qxb5 Nc2+
15. Ke2 Nxa1 16. Rxa1 h6 $19 {KomodoDragon3}) 13... Bxb5 14. bxa5 (14. Qd2 axb4
15. Bxf6 Qxf6 16. Qxb4 Ba6 17. O-O-O Qg6 $19 {KomodoDragon3}) 14... Qxa5+ 15.
Bd2 {trying to shelter Q on the c file} (15. Nd2 Rfc8 16. Qb1 d5 $19 {pretty
awful for Wh as well}) 15... Qa4 (15... Qa6 $1 {KomodoDragon3}) 16. Qxa4 Rxa4
17. Be3 Rc8 $1 {the pawn can't run away} 18. b3 Rxe4 (18... Ra3) 19. Nd2 (19.
h3 Nd5 20. Nd2 Rh4 21. Nf3 Rb4 22. Rd1 Nc3 $19 {KomodoDragon3}) 19... Rg4 20.
g3 Nd5 (20... d5 {also}) 21. a4 Nxe3 22. fxe3 Bd3 23. Kd1 d5 (23... h5) 24. Rc1
Rxc1+ 25. Kxc1 Rg6 26. Kb2 Rc6 27. Rc1 Rxc1 28. Kxc1 {Wh has 2 to one on the Q
sise, but the B has a long reach} f6 (28... Kf8) 29. Kb2 (29. b4 Kf8 30. Nb3
Bf5 31. b5 Ke7 32. Kd2 Kd7 33. a5 Kc7 34. Kc3 b6 35. a6 Bh3 36. Nd2 Kb8 37. Kb4
Bf5 38. Nb3 g5 $19 {KomodoDragon3}) 29... Kf7 30. Kc3 Be2 31. Kb4 (31. a5 Ke6
32. b4 Ba6 33. Nb3 Kd6 34. Nc5 f5 $19 {KomodoDragon3}) 31... b6 32. a5 bxa5+
33. Kxa5 Ke6 34. Kb6 (34. b4 f5 35. b5 g5 36. b6 Kd6 37. Kb4 Kc6) 34... Kd6 (
34... d4 35. exd4 Kd5 36. dxe5 fxe5 $19 {KomodoDragon3}) 35. b4 g5 (35... f5)
36. e4 Bd3 37. exd5 Kxd5 (37... e4) 38. b5 e4 39. Nb3 e3 (39... f5 {pawn
avanche}) 40. Nc1 Bc4 0-1

[Event "WLS Ch Seniors"]
[Site "?"]
[Date "2022.09.04"]
[Round "5.2"]
[White "Williams, Duncan"]
[Black "Adams, Mark"]
[Result "1/2-1/2"]
[WhiteElo "1725"]
[BlackElo "1866"]
[Annotator "kemen"]
[PlyCount "40"]
[EventDate "2022.09.04"]
[SourceVersionDate "2022.09.05"]

{[%evp 0,4,19,31,72,53,78]} 1. e4 c5 2. Nf3 a6 3. c4 Nc6 4. d4 cxd4 5. Nxd4 e5
(5... Nf6 6. Nc3 e5 {main}) 6. Nf5 d6 7. Nc3 g6 8. Ne3 Bh6 9. Be2 Be6 10. O-O
Nd4 $146 (10... Nf6 {1-3-1}) 11. Nc2 Bxc1 12. Rxc1 Nxe2+ 13. Qxe2 $16 Ne7 14.
Rfd1 O-O (14... Rc8 {Stockfish15 & KomodoDRagon3}) 15. c5 $18 Nc8 16. Ne3 Qg5
17. cxd6 (17. Ncd5 $1 Bxd5 18. Nxd5 dxc5 19. b4 $1 cxb4 20. Qb2 Na7 21. h4 Qxh4
22. Qxe5 Nc6 23. Rxc6 bxc6 24. Ne7+ $18 {KomodoDragon3}) 17... Rd8 18. Ncd5 (
18. g3 Nxd6 19. h4 Qh5 20. Qxh5 gxh5 21. f4 $18 {KomodoDRagon3}) 18... Bxd5 19.
Nxd5 Nxd6 20. Rc7 Rab8 (20... Kg7 {Cloud Engines} 21. g3) (20... Rab8 21. Qf3 (
21. h4 Qxh4 22. g3 $18 {Stockfish15}) 21... Kg7 22. g3 h5 23. Nb6 Qg4 24. Qxg4
hxg4 25. Rd7 Rbc8 26. R1xd6 $18 {KomodoDragon3}) 1/2-1/2

[Event "WLS Ch Seniors"]
[Site "?"]
[Date "2022.09.04"]
[Round "5.3"]
[White "Quinn, Peter"]
[Black "Penny, Liam"]
[Result "1/2-1/2"]
[WhiteElo "1645"]
[BlackElo "1765"]
[Annotator "kemen"]
[PlyCount "33"]
[EventDate "2022.09.04"]
[SourceVersionDate "2022.09.05"]

{[%evp 0,20,14,10,35,23,51,8,107,60,35,26,27,21,16,23,105,40,40,40,43,4,16]} 1.
e4 d5 2. exd5 Nf6 3. d4 Bg4 4. Be2 Bxe2 5. Qxe2 (5. Nxe2 Qxd5 6. O-O (6. Nf4) (
6. Nbc3 $5)) 5... Qxd5 6. Nf3 e6 7. Nc3 Qf5 (7... Bb4 8. O-O Bxc3 9. bxc3 {
70% for Wh}) 8. Qb5+ (8. Ne5 {3.5-9.5}) 8... Qxb5 9. Nxb5 Na6 10. Bf4 Nd5 (
10... c6 {1-2-2}) 11. Bg3 c6 12. Nd6+ Bxd6 13. Bxd6 Kd7 $146 (13... O-O-O {
1.5-0.5}) (13... f6 {1 draw}) 14. Bg3 f6 15. a3 $11 (15. O-O-O $14 {
KomodoDragon3}) 15... Ne7 16. O-O-O Nf5 17. Bf4 1/2-1/2

[Event "WLS Ch Seniors"]
[Site "?"]
[Date "2022.09.04"]
[Round "5.4"]
[White "Hughes, Anthony"]
[Black "Davis, Lee"]
[Result "1/2-1/2"]
[WhiteElo "1865"]
[BlackElo "1922"]
[Annotator "kemen"]
[PlyCount "51"]
[EventDate "2022.09.04"]
[SourceVersionDate "2022.09.05"]

1. c4 e5 2. Nc3 Nc6 3. g3 Nf6 (3... g6 {main}) 4. Bg2 Bc5 5. e3 O-O 6. Nf3 (6.
Nge2 {main}) 6... Re8 (6... d6) (6... d5) 7. O-O h6 $146 (7... d6 8. d4 Bb6 {
main}) 8. d4 exd4 9. exd4 Bb4 10. Qd3 (10. Ne2 $16 {KomodoDragon3}) (10. Nd5
$16 {FatFritz2}) 10... Bxc3 11. bxc3 d6 $11 12. Be3 Bd7 13. Rfe1 Qc8 14. Bf4
Rxe1+ 15. Rxe1 Bf5 16. Qe2 Qd7 17. Nd2 Re8 18. Qd1 Rxe1+ 19. Qxe1 g5 (19... b6
$15 {both Engines}) 20. Be3 Qe8 21. Nb3 Be4 22. f3 Bd3 23. Bf1 Bxf1 24. Kxf1 b6
25. Qd2 Nh7 (25... Qe6 {KD3}) 26. h4 {(draw?)} 1/2-1/2

[Event "WLS Ch Seniors"]
[Site "?"]
[Date "2022.09.04"]
[Round "5.5"]
[White "Saunders, Walter"]
[Black "Thomas, Roy"]
[Result "0-1"]
[WhiteElo "1982"]
[BlackElo "1671"]
[Annotator "kemen"]
[PlyCount "149"]
[EventDate "2022.09.04"]
[SourceVersionDate "2022.09.05"]

1. d4 f5 2. g3 Nf6 3. Bg2 e6 4. Nf3 Be7 5. Nbd2 (5. O-O) (5. c4) 5... d5 (5...
O-O) (5... d6) 6. Ne5 O-O 7. Ndf3 Nbd7 8. a4 (8. Bg5 {1-1-3}) (8. Ng5 Nxe5 9.
dxe5 Ng4 10. Nf3 g5 11. h3 Nh6 12. h4 Nf7 13. hxg5 Nxg5 14. Bxg5 Bxg5 15. Rh5
h6 16. Nxg5 hxg5 17. Qd2 f4 18. O-O-O $18 {Spruit-Punt, Alkmaar ACCOM open
1992,1-0}) 8... a5 9. O-O Nxe5 10. Nxe5 Nd7 11. Nxd7 (11. Bf4 $14 {
KomodoDragon3}) 11... Bxd7 12. c4 c6 13. Qb3 Bb4 14. Bf4 $16 b6 15. Rac1 Rc8
16. Rfd1 Qe8 17. Qe3 c5 18. cxd5 cxd4 19. Qxd4 Bc5 20. Qe5 Bxa4 21. dxe6 Bxd1
22. Rxd1 $16 Rd8 23. Rd7 $2 {but this gives away the valuable advanced pawn} (
23. Bd5 Be7 24. Rd3 $16 {KomodoDragon3}) 23... Rxd7 24. exd7 Qxd7 $19 25. Bd5+
(25. Qd5+ {suggested by KomodoDragon3}) 25... Kh8 26. Be6 Qd4 (26... Qd1+ 27.
Kg2 Re8 28. Qxf5 Qxe2 29. Ba2 Qxf2+ 30. Kh3 Qxb2 $19) 27. Qxd4 Bxd4 28. b3 Re8
29. Bc4 Rc8 {Wh is just an exchange down, though the 2 Bs allow some resistence
} 30. Be6 Re8 31. Bc4 Bc5 32. h3 h6 33. Kg2 Kh7 34. Kf3 g5 35. Bd2 Rd8 36. Bd3
Kg7 37. Bc3+ Bd4 38. Bxd4+ (38. Bd2 {looks preferable, even though the text
gains a pawn. Bl can now get a passed pawn on the Q side which is a prime
objective with a R vs a B ending}) 38... Rxd4 39. Bxf5 Rb4 40. Bc2 b5 41. Ke3
a4 42. bxa4 bxa4 43. Kd3 a3 44. Kc3 Rb2 (44... a2 45. Kxb4 a1=Q {is given as
best by KomodoDragon3-Wh;s K will be hunted down, though the Wh pawn mass will
offer plenty of shelter, so Wh might survive if the K can get back} 46. Kc4 Qe1
$19 {but the Q is too agile}) 45. e4 Kf6 46. f4 gxf4 47. gxf4 Rb8 (47... Rb4 {
KD3}) 48. e5+ Ke6 49. Bb3+ Kf5 50. e6 Kxf4 51. e7 Kg3 52. Bf7 a2 53. Bxa2 Re8
54. Be6 Rxe7 55. Bg4 {the ending is still tricky as after a swap of R for B,
the Wh K might be able to reach f1} Re4 56. Kd3 Re5 57. Kd4 Re1 58. Kd3 Kf4 59.
Kd2 Re5 60. Bc8 h5 61. Ba6 h4 62. Bc8 Kg3 63. Bg4 Re4 64. Bf5 Rf4 65. Bc8 Kf2
66. Kd3 Rf8 67. Bg4 Rd8+ 68. Ke4 Rb8 (68... Kg3 69. Ke3 Re8+ 70. Kd3 Kf2 71.
Kd4 Rg8 72. Bf5 Kf3 73. Ke5 Re8+ (73... Kg3 74. Ke4) 74. Kd4 Kf4 75. Bg4 Rd8+
76. Kc3 {and the K has been forced a little further away} Kg3 77. Kc2 Kg2 78.
Bf5 Rf8 79. Bg4 Rg8 80. Be6 Rg3 81. Bd5+ (81. Kd2 Rxh3 82. Bxh3+ Kxh3 83. Ke2
Kg2 $19)) 69. Kf4 Rb4+ 70. Kg5 Kg3 71. Bd7 Rb2 72. Bg4 Rh2 73. Kf5 Rxh3 74.
Bxh3 Kxh3 75. Kf4 0-1